000 00621nam a2200205Ia 4500
005 20230109134409.0
008 131103s9999 xx 000 0 und d
040 _aLoreto College
041 _aEnglish
082 _a821.3
_bLUC
245 4 _aThe penguin book of Elizabeth Verse
_cintroduced and edited by Edward Lucie - Smith
260 _aHarmondsworth
_bPenguin Books
_c1965
300 _a288 p.
504 _aIncludes notes and index of first lines
650 _aEnglish Poetry
651 _a16th century - Verse - Collections
700 _aLucie - Smith,Edward;intro & ed.
850 _aLCLIB
942 _cBK
999 _c13276
_d63755